000 00458cam a2200181ua 4500
001 6129
005 20260515114005.0
008 131125n ii |||gr||||Z||||||eng
040 _cMAIN
082 _a658
245 _aManagement Concept & Practices
_cBy Tim Hannagan
260 _aNew Delhi:
_bMacmillan India LTD,
_c1995.
300 _axiii,643p.
653 _aGeneral management
653 _aManagement
700 _aHannagan,Tim,
_eAuthor.
942 _cBK
999 _c5276
_d5276